| 000 | 03057namaa22004211i 4500 | ||
|---|---|---|---|
| 003 | EG-GICUC | ||
| 005 | 20260311104354.0 | ||
| 008 | 260301s2025 ua a|||frm||| 000 0 eng d | ||
| 040 |
_aEG-GICUC _beng _cEG-GICUC _dEG-GICUC _erda |
||
| 041 | 0 |
_aeng _beng _bara |
|
| 049 | _aDeposit | ||
| 082 | 0 | 4 | _a745.2 |
| 092 |
_a745.2 _221 |
||
| 097 | _aM.Sc | ||
| 099 | _aCai01.13.13.M.Sc.2025.Ma.I | ||
| 100 | 0 |
_aManar Magdy Hassan Mohamed, _epreparation. |
|
| 245 | 1 | 0 |
_aIntegrated production, inventory, maintenance, and spare parts’ supplier selection decisions under demand uncertainty / _cby Manar Magdy Hassan Mohamed ; Supervision Prof. Dr. Tamer F. Abdelmaguid. |
| 246 | 1 | 5 | _aقرارات متكاملة للإنتاج و المخزون و الصيانة و إختيار الموردين لقطع الغيار في ظل عدم اليقين بشأن الطلب |
| 264 | 0 | _c2025. | |
| 300 |
_a73 pages : _billustrations ; _c30 cm. + _eCD. |
||
| 336 |
_atext _2rda content |
||
| 337 |
_aUnmediated _2rdamedia |
||
| 338 |
_avolume _2rdacarrier |
||
| 502 | _aThesis (M.Sc)-Cairo University, 2025. | ||
| 504 | _aBibliography: pages 53-57. | ||
| 520 | 3 | _aDetermining production, maintenance, inventory, and spare parts selection decisions plays a vital role in maintaining the performance of supply chains and managing associated costs. In this work, the previous decisions are integrated, with the aim of overcoming uncertainties while operating at the minimum cost. The DRL technique is also introduced to cope with the problems of dimensionality and long runtime associated with exact techniques. | |
| 520 | 3 | _aاتخاذ القرارات بشأن الإنتاج و الصيانة و المخزون و اختيار الموردين يعد سبباً اساسيا في تحسين أداء سلاسل الإمداد و التكاليف المصاحبة لها. و لهذا في هذا البحث، قمنا بدراسة هذه القرارات معاً بهدف التغلب علي الاضطرابات و التوقفات الي قد تحدث لسلاسل الإمداد مع الحفاظ علي أقل تكلفة ممكنة. قمنا بإستخدام البرمجة الديناميكية ثم استخدمنا تعلم الالة العميق لحل مشاكل اكبر حجماً و في وقت أقل. | |
| 530 | _aIssues also as CD. | ||
| 546 | _aText in English and abstract in Arabic & English. | ||
| 650 | 7 | _aEngineering design | |
| 650 | 7 | _aالتصميم الهندسي | |
| 653 | 1 |
_aInventory management _aSupply Disruption _aMarkov Decision Process _aDeep Reinforcement Learning _aMaintenance _aCondition Monitoring _aالمخزون _aالصيانة |
|
| 700 | 0 |
_aTamer F. Abdelmaguid _ethesis advisor. |
|
| 900 |
_b01-01-2025 _cTamer F. Abdelmaguid _dMohamed H. Gadallah _dSally Saad A. Kasem _UCairo University _FFaculty of Engineering _DDepartment of Mechanical Design and Production Engineering |
||
| 905 |
_aShimaa _eEman Ghareb |
||
| 942 |
_2ddc _cTH _e21 _n0 |
||
| 999 | _c178779 | ||